| 000 | 00539nam a22002057a 4500 | ||
|---|---|---|---|
| 003 | NLp | ||
| 005 | 20140310183103.0 | ||
| 008 | 130304t xxu||||| |||| 00| 0 eng d | ||
| 020 | _a971233483X | ||
| 050 |
_aQA 300 _b.Al465 2002 |
||
| 082 |
_aFil 515.15 _bM42 2002 |
||
| 245 |
_aMathematical analysis _cAltares, Priscilla S. |
||
| 260 |
_aManila _bRex Book Store _c2002 |
||
| 300 |
_aviii, 242 p. _bill. _c26 cm. |
||
| 521 | _acollege students | ||
| 526 | _c1210L-1700L | ||
| 541 | _j1 | ||
| 562 | _e1 | ||
| 942 |
_2lcc _cBK _kFIL |
||
| 999 |
_c18755 _d18755 |
||